[Event "PSNA CET 45th National Junior (U-19) Ch"]
[Site "PSNA College of Engineering &"]
[Date "2015.07.31"]
[Round "11.8"]
[White "Abhilash, Reddy M.L"]
[Black "Srijit, Paul"]
[Result "1/2-1/2"]
[WhiteElo "2224"]
[BlackElo "1881"]
[PlyCount "102"]
[EventDate "2015.07.23"]
[EventRounds "11"]
[EventCountry "IND"]
[SourceDate "2003.06.08"]

1. d4 f5 2. c4 Nf6 3. Nc3 d6 4. Bg5 Nbd7 5. Qc2 g6 6. h4 Bg7 7. Nh3 e5 8. dxe5
Nxe5 9. h5 Nf7 10. Bh4 Bd7 11. e3 c6 12. O-O-O Qe7 13. Be2 O-O-O 14. Rd2 Be6
15. Qa4 Kb8 16. Rhd1 Ka8 17. Qb4 Rd7 18. Kb1 Rhd8 19. hxg6 hxg6 20. Ng5 Bh6 21.
Nxf7 Bxf7 22. Bxf6 Qxf6 23. Bf3 Qe6 24. Na4 Qxc4 25. Qxc4 Bxc4 26. Nc5 Rg7 27.
Rxd6 Rxd6 28. Rxd6 a6 29. Nd7 Bg8 30. Ne5 Bh7 31. Kc1 Bg5 32. a3 Be7 33. Re6 g5
34. Bh5 Bc5 35. Bg6 f4 36. exf4 gxf4 37. Bxh7 Rxh7 38. Nd3 Bb6 39. Rg6 Rf7 40.
Kd2 a5 {Ka7} 41. Rg5 Bc7 42. Ke2 b5 43. Rg6 {Kb6 Kd2} Rf5 {Kc2} 44. a4 {Nb4}
Rc5 45. Kd2 Be5 {Nd3 Rd5 Kc2 Bd6} 46. Rf6 {Rd4} f3 {Ka5} 47. Rf5 {c5 Nf2} Rc4 {
Kd2} 48. b4 {Ne4 Be7 Rf7 Bd8 Ra7 Kb6 Rxa4} Rd4 49. Kc2 {Be7} axb4 {cxb4 Ra8 Rc4
} 50. Kb3 {Rd4 Re8} Rd7 {Rb8 Kc7 Ra8 Rd3 Kc4 Re3 Ra7 Kd8 Kd5 Re2 Ke6 Bh4 Rd7
Kc8 Rd2 Re1 Kf5 Rc1 Rd4 Be7 Kxf4 Rc2 Rd2 b3 Ke3 Bb4 Re2 Kd7 Kd3 Rc1 Nc3 Kd6
Kc4 Bxc3 bxc3 Rc2 Re1 b2 Rb1 Rxg2 Kb3 Rf2 Rxb2} 51. Rxf3 {Kb4 Kc6 Ra2 Rf5 Ra6}
Kb7 {Rh6 Kc7 c4 Kb7 Rd6 Kc7 Re6 Kb7 Rg6 Kc7 Rh6 Kb7 Rh4 Kc6 Rg4 Kb6 Rg7 Kc6
Re7 Kb6 Re6 Kc7 Re1 Kb6 Rh1 Kc6 Rh6 Kb7 c5 Rf1 Rd6 Kc7 Rd4 Kc6 Rd6 Kc7 Rd4 Kc6
Rd6 Kc7} 1/2-1/2

[Event "PSNA CET 45th National Junior (U-19) Ch"]
[Site "PSNA College of Engineering &"]
[Date "2015.07.31"]
[Round "11.9"]
[White "Gajwa, Ankit"]
[Black "Varun, V."]
[Result "1/2-1/2"]
[WhiteElo "2107"]
[BlackElo "2171"]
[PlyCount "143"]
[EventDate "2015.07.23"]
[EventRounds "11"]
[EventCountry "IND"]
[SourceDate "2003.06.08"]

1. e4 c5 2. Nf3 g6 3. d4 cxd4 4. Nxd4 Nc6 5. Nc3 Bg7 6. Be3 Nf6 7. Bc4 Qa5 8.
O-O O-O 9. Bb3 d6 10. h3 Bd7 11. Re1 Rfe8 12. Qe2 Nxe4 13. Nxc6 Nxc3 14. Nxa5
Nxe2+ 15. Rxe2 b6 16. Nc4 b5 17. Nd2 Bxb2 18. Rb1 Bg7 19. Bd5 Rac8 20. Bxa7
Rxc2 21. Bb3 Rc7 22. Bb6 Rc6 23. Ba5 e6 24. Nf3 Ra6 25. Bb4 Rc8 26. Rd1 d5 27.
Ree1 Bh6 28. Bd2 Bg7 29. Rc1 Rac6 30. Rxc6 Bxc6 31. Rc1 Bd7 32. Rxc8+ Bxc8 33.
Kf1 Bb7 34. Ne1 Bc6 35. Nc2 Kf8 36. Nb4 Bd7 37. Ke2 Ke7 38. Kd3 Kd6 39. Bc3 f6
40. Nc2 e5 41. Bb4+ Ke6 42. Bc5 Bc6 43. Nb4 Bb7 44. Ke2 Bh6 45. Bc2 Bc8 46. Bd3
Bd7 47. Na6 Bc6 48. Nb4 Bd7 49. Kf1 Bd2 50. Na6 Ba5 51. Bb4 Bxb4 52. Nxb4 e4
53. Bc2 Ke5 54. Bb3 d4 55. Ke2 f5 56. Bd5 d3+ 57. Kd2 Kd4 58. Bc6 Be6 59. a3
Bc4 60. g3 g5 61. Ba8 f4 62. gxf4 gxf4 63. Nc6+ Kc5 64. Ne7 Kd4 65. Nf5+ Ke5
66. Ne7 Kd4 67. Nc6+ Kc5 68. Nb4 Kd4 69. Nc6+ Kc5 70. Ne7 Kd4 71. Nf5+ Ke5 72.
Ne7 1/2-1/2

[Event "PSNA CET 45th National Junior (U-19) Ch"]
[Site "PSNA College of Engineering &"]
[Date "2015.07.31"]
[Round "11.10"]
[White "Sahoo, Utkal Ranjan"]
[Black "Satkar, Chirag"]
[Result "1/2-1/2"]
[WhiteElo "2215"]
[BlackElo "2055"]
[PlyCount "73"]
[EventDate "2015.07.23"]
[EventRounds "11"]
[EventCountry "IND"]
[SourceDate "2003.06.08"]

1. d4 d5 2. c4 c6 3. Nf3 Nf6 4. e3 e6 5. Nc3 Nbd7 6. Qc2 Bd6 7. b3 O-O 8. Bb2
b6 9. Be2 Bb7 10. O-O Qe7 11. Rad1 Rac8 12. Rfe1 c5 13. cxd5 exd5 14. dxc5 bxc5
15. Qf5 Rfd8 16. Bd3 Qe6 17. Ng5 Qxf5 18. Bxf5 Be7 19. Nf3 Kf8 20. Re2 g6 21.
Bh3 Rb8 22. Rc2 Nb6 23. Ne2 d4 24. exd4 Be4 25. Rcc1 c4 26. Nd2 cxb3 27. axb3
Bb7 28. Ra1 a6 29. g3 Nbd5 30. Bg2 Bc8 31. Ba3 Bxa3 32. Rxa3 Nb4 33. Ra5 Bg4
34. Bf3 Bf5 35. Rc1 Bd3 36. Nf1 Nc2 37. d5 1/2-1/2

[Event "PSNA CET 45th National Junior (U-19) Ch"]
[Site "PSNA College of Engineering &"]
[Date "2015.07.31"]
[Round "11.11"]
[White "Karthik, V.   Ap"]
[Black "Yogit, S."]
[Result "1-0"]
[WhiteElo "2256"]
[BlackElo "2064"]
[PlyCount "69"]
[EventDate "2015.07.23"]
[EventRounds "11"]
[EventCountry "IND"]
[SourceDate "2003.06.08"]

1. e4 c5 2. Nf3 d6 3. d4 cxd4 4. Nxd4 Nf6 5. Nc3 g6 6. Be3 Bg7 7. f3 O-O 8. Qd2
Nc6 9. O-O-O d5 10. Qe1 e5 11. Nxc6 bxc6 12. exd5 Nxd5 13. Bc4 Be6 14. Ne4 h6
15. Bc5 f5 16. Bxf8 Qxf8 17. Nc3 e4 18. Na4 Bf7 19. fxe4 Re8 20. Qa5 Ne3 21.
Bxf7+ Qxf7 22. Rd8 Qxa2 23. Rxe8+ Kh7 24. Qxa7 Nc4 25. c3 Nxb2 26. Rh8+ Kxh8
27. Qb8+ Kh7 28. Qxb2 Qxa4 29. exf5 Qf4+ 30. Qd2 Qxf5 31. Re1 Bf6 32. Kd1 Bg5
33. Qd4 c5 34. Qe4 Qf2 35. Qb7+ 1-0

[Event "PSNA CET 45th National Junior (U-19) Ch"]
[Site "PSNA College of Engineering &"]
[Date "2015.07.31"]
[Round "11.12"]
[White "Nihal, Sarin"]
[Black "Arjun, Kalyan"]
[Result "0-1"]
[WhiteElo "2248"]
[BlackElo "2037"]
[PlyCount "62"]
[EventDate "2015.07.23"]
[EventRounds "11"]
[EventCountry "IND"]
[SourceDate "2003.06.08"]

1. d4 Nf6 2. c4 e6 3. Nf3 d5 4. Nc3 Bb4 5. cxd5 exd5 6. Bg5 h6 7. Bh4 c5 8. e3
c4 9. Be2 g5 10. Bg3 Bf5 11. Bxb8 Bxc3+ 12. bxc3 Qxb8 13. Qa4+ b5 14. Qb4 Ne4
15. Ne5 a5 16. Qa3 Qd6 17. Qxd6 Nxd6 18. O-O f6 19. Bh5+ Ke7 20. Ng6+ Bxg6 21.
Bxg6 f5 22. Bh5 b4 23. cxb4 axb4 24. Be2 Rhb8 25. Rfb1 b3 26. axb3 Rxa1 27.
Rxa1 cxb3 28. Bd3 b2 29. Rb1 Nc4 30. Bxf5 Nd2 31. Rd1 Ra8 0-1

[Event "PSNA CET 30th National Junior (U-19) Gi"]
[Site "PSNA College of Engineering &"]
[Date "2015.07.31"]
[Round "11.1"]
[White "Michelle Catherina, P."]
[Black "Harshita, Guddanti"]
[Result "0-1"]
[WhiteElo "2220"]
[BlackElo "1785"]
[PlyCount "72"]
[EventDate "2015.07.23"]
[EventRounds "11"]
[EventCountry "IND"]
[SourceDate "2003.06.08"]

1. e4 c5 2. Nf3 d6 3. d4 cxd4 4. Nxd4 Nf6 5. Nc3 g6 6. Be3 Bg7 7. f3 Nc6 8. Qd2
O-O 9. g4 Be6 10. Nxe6 fxe6 11. O-O-O Ne5 12. Be2 Qc8 13. Bh6 Bxh6 14. Qxh6 Qc5
15. h4 b5 16. h5 b4 17. Nb5 Nf7 18. Qd2 e5 19. a3 a6 20. hxg6 hxg6 21. g5 Nd7
22. Qe1 Rfc8 23. c3 axb5 24. axb4 Qxb4 25. Kb1 Qb3 26. Qd2 Qa2+ 27. Kc2 Qa4+
28. Kc1 Nc5 29. Kb1 Qa2+ 30. Kc2 Qb3+ 31. Kb1 Qa2+ 32. Kc2 Qa4+ 33. Kb1 Nb3 34.
Qd5 Qa2+ 35. Kc2 Nd4+ 36. Kd3 Qxb2 0-1

[Event "PSNA CET 30th National Junior (U-19) Gi"]
[Site "PSNA College of Engineering &"]
[Date "2015.07.31"]
[Round "11.2"]
[White "Vaishali, R."]
[Black "Varshini, V."]
[Result "1/2-1/2"]
[WhiteElo "2276"]
[BlackElo "1958"]
[PlyCount "252"]
[EventDate "2015.07.23"]
[EventRounds "11"]
[EventCountry "IND"]
[SourceDate "2003.06.08"]

1. Nf3 Nf6 2. g3 e6 3. Bg2 d5 4. O-O Be7 5. b3 O-O 6. c4 c5 7. Bb2 Nc6 8. e3
dxc4 9. bxc4 Qd3 10. Qb3 Rd8 11. Qxd3 Rxd3 12. Rd1 Ng4 13. h3 Bf6 14. Nc3 Nge5
15. Nxe5 Bxe5 16. f4 Bf6 17. Be4 Rd8 18. Ba3 Be7 19. Rab1 Na5 20. d3 Rb8 21.
Na4 f5 22. Bf3 Bd7 23. Nxc5 Bxc5 24. Bxc5 Ba4 25. Rdc1 Rxd3 26. Bxa7 Ra8 27.
Bc5 Rc8 28. Bd4 Bc6 29. Be2 Ra3 30. Rb2 Bd5 31. c5 Nc6 32. Bc3 Rca8 33. Rxb7
Nd4 34. Rxg7+ Kxg7 35. Bxd4+ Kg6 36. c6 Rxa2 37. c7 Rxe2 38. c8=Q Rxc8 39. Rxc8
h5 40. Rg8+ Kh6 41. Kf1 Rh2 42. g4 hxg4 43. hxg4 Rh1+ 44. Ke2 fxg4 45. Rxg4 Be4
46. Kd2 Rh2+ 47. Kc3 Rc2+ 48. Kb4 Rg2 49. Rh4+ Kg6 50. Kc5 Bf5 51. Kd6 Kf7 52.
Rh1 Ra2 53. Rh8 Ra6+ 54. Kc5 Ra5+ 55. Kb6 Rd5 56. Rb8 Rd7 57. Kc6 Re7 58. Kd6
Be4 59. Ke5 Rb7 60. Rc8 Bf5 61. Bc5 Rb1 62. Rc7+ Kg6 63. Ra7 Rb5 64. Kd6 Rb1
65. Ra2 Rd1+ 66. Ke7 Rd5 67. Rg2+ Kh5 68. Bd4 Kh4 69. Kf6 Rb5 70. Rg5 Rd5 71.
Bc3 Kh3 72. Be5 Rb5 73. Rg8 Rb3 74. Bd4 Rb5 75. Rg5 Rd5 76. Rg1 Kh2 77. Rg7 Kh3
78. Be5 Rb5 79. Rg1 Rb4 80. Bc3 Rb3 81. Bd4 Rb5 82. Re1 Kg3 83. e4 Bg4 84. Be5
Kf3 85. f5 exf5 86. exf5 Kf2 87. Re4 Bf3 88. Bd4+ Kg3 89. Re8 Bd5 90. Kg5 Bc6
91. Re3+ Kg2 92. Rc3 Bd5 93. Kf4 Rb4 94. Rc2+ Kh3 95. Ke5 Bf7 96. Kf6 Bg8 97.
Be5 Bd5 98. Bd6 Rc4 99. Rd2 Be4 100. Kg5 Rc2 101. Rd4 Rg2+ 102. Kf6 Bb1 103.
Rb4 Bc2 104. Ke6 Re2+ 105. Be5 Rf2 106. f6 Bf5+ 107. Kf7 Re2 108. Kg7 Be6 109.
Bd6 Rf2 110. Kg6 Rg2+ 111. Kh6 Rf2 112. Bf4 Rf1 113. Kg7 Kg4 114. Bd6+ Kg5 115.
Rb5+ {Ba2 Re2} Bd5 {Kg6 Kh4 Re5 Ba2 Re4 Kh3 Re2 Bd5 Re3 Kh4 Re5 Ba2 Rh5 Kg4
Rg5 Kh4 Rg2 Bd5 Rh2 Kg4 Rd2 Be6 Rd4 Kh3} 116. Bf4+ Kg4 117. Be5 Kh3 {Rd3} 118.
Bg3 Kg4 {Re5 Bb3 Rg5 Kh3} 119. Be5 Be6 {Kh5 Kg7 Kh4 Rg2 Kh3 Rh2 Kg4} 120. Kf8
Kg5 {Rg2 Kh5} 121. Ke7 Bd5 {Rd2} 122. Bg3 Kg4 123. Bf2 Rc1 124. Bg3 Rf1 125.
Bf2 Rc1 {Rd4 Kh5} 126. Rb4+ {Ba2 Bg3 Rf1 Bf4 Kg4 Bd6} Kh5 {Be5} 1/2-1/2

[Event "PSNA CET 30th National Junior (U-19) Gi"]
[Site "PSNA College of Engineering &"]
[Date "2015.07.31"]
[Round "11.3"]
[White "Monnisha, G K."]
[Black "Bidhar, Rutumbara"]
[Result "1-0"]
[WhiteElo "2288"]
[BlackElo "1801"]
[PlyCount "67"]
[EventDate "2015.07.23"]
[EventRounds "11"]
[EventCountry "IND"]
[SourceDate "2003.06.08"]

1. e4 c5 2. Nf3 e6 3. d4 cxd4 4. Nxd4 a6 5. Be2 Qc7 6. Be3 Nf6 7. Nc3 Bb4 8.
Qd3 d5 9. exd5 Nxd5 10. Bd2 Nxc3 11. bxc3 Bd6 12. Nf3 h6 13. Rd1 Be7 14. c4 Nc6
15. O-O O-O 16. Bc3 f5 17. Rb1 Rd8 18. Qe3 Bd6 19. Rfd1 Qe7 20. Ne5 Nxe5 21.
Bxe5 Bxe5 22. Qxe5 Rxd1+ 23. Rxd1 b5 24. Bf3 Ra7 25. c5 Rc7 26. c6 g5 27. h3
Kh7 28. g4 Qg7 29. Qc5 e5 30. gxf5 Bxf5 31. Bg4 Bxg4 32. hxg4 Rf7 33. Rd6 e4
34. Qd5 1-0

[Event "PSNA CET 30th National Junior (U-19) Gi"]
[Site "PSNA College of Engineering &"]
[Date "2015.07.31"]
[Round "11.4"]
[White "Madhurima, Shekhar"]
[Black "Mahalakshmi, M."]
[Result "0-1"]
[WhiteElo "1999"]
[BlackElo "2149"]
[PlyCount "124"]
[EventDate "2015.07.23"]
[EventRounds "11"]
[EventCountry "IND"]
[SourceDate "2003.06.08"]

1. e4 c6 2. d4 d5 3. Nc3 dxe4 4. Nxe4 Bf5 5. Ng3 Bg6 6. Nf3 Nd7 7. h4 h6 8. h5
Bh7 9. Bd3 Bxd3 10. Qxd3 e6 11. Bd2 Ngf6 12. O-O-O Be7 13. Kb1 O-O 14. Ne4 Nxe4
15. Qxe4 Nf6 16. Qe2 Qd5 17. Be3 Bd6 18. Rh4 b5 19. g4 Ne4 20. Rg1 Be7 21. Rh2
b4 22. Ne5 c5 23. Qc4 Qxc4 24. Nxc4 cxd4 25. Bxd4 Rac8 26. Ne5 Rfd8 27. Be3 Bd6
28. f4 Bxe5 29. fxe5 Rd5 30. Bf4 Rc4 31. Rf1 Nc5 32. Rhf2 Nd7 33. Re1 Rdd4 34.
Ref1 Re4 35. Bh2 Nxe5 36. Bxe5 Rxe5 37. Rxf7 Rxg4 38. Rxa7 Rxh5 39. a4 bxa3 40.
Rxa3 Rhg5 41. Ra8+ Kh7 42. Ka2 h5 43. c3 h4 44. Rh1 Rh5 45. b4 h3 46. Kb3 Rg2
47. c4 Rg3+ 48. Kb2 Rh4 49. Ra3 Rg2+ 50. Kb3 Rgg4 51. Ka4 Rxc4 52. Raxh3 Rxb4+
53. Ka3 g5 54. Rxh4+ Rxh4 55. Re1 Rh6 56. Kb3 Rf6 57. Kc3 Kg6 58. Kd4 g4 59.
Ke5 Kg5 60. Rg1 Rf2 61. Kxe6 Kf4 62. Kf6 g3 0-1

[Event "PSNA CET 30th National Junior (U-19) Gi"]
[Site "PSNA College of Engineering &"]
[Date "2015.07.31"]
[Round "11.5"]
[White "Priyanka, Nutakki"]
[Black "Akshaya, Nandakumar"]
[Result "1/2-1/2"]
[WhiteElo "2043"]
[BlackElo "1816"]
[PlyCount "75"]
[EventDate "2015.07.23"]
[EventRounds "11"]
[EventCountry "IND"]
[SourceDate "2003.06.08"]

1. d4 Nf6 2. c4 e6 3. Nf3 b6 4. g3 Bb7 5. Bg2 Bb4+ 6. Bd2 Bxd2+ 7. Qxd2 Ne4 8.
Qc2 f5 9. O-O O-O 10. Nc3 d6 11. Nd2 Nxc3 12. Bxb7 Nxe2+ 13. Kh1 Nxd4 14. Qd3
Nbc6 15. Bxa8 Qxa8 16. f3 e5 17. a3 Rf6 18. Rae1 g5 19. Kg1 Qc8 20. Nb1 Nd8 21.
Nc3 N8e6 22. b4 h5 23. Kh1 Qb7 24. Kg1 g4 25. Nd5 Rf7 26. fxg4 hxg4 27. b5 c6
28. bxc6 Qxc6 29. Rc1 Qc5 30. Rf2 Ng5 31. Qe3 Nh3+ 32. Kg2 Nxf2 33. Qg5+ Rg7
34. Qd8+ Kh7 35. Qh4+ Kg6 36. Qf6+ Kh7 37. Qh4+ Kg6 38. Qf6+ 1/2-1/2

[Event "PSNA CET 30th National Junior (U-19) Gi"]
[Site "PSNA College of Engineering &"]
[Date "2015.07.31"]
[Round "11.6"]
[White "Bala, Kannamma.P"]
[Black "Priyanka, K."]
[Result "1-0"]
[WhiteElo "1948"]
[BlackElo "2035"]
[PlyCount "73"]
[EventDate "2015.07.23"]
[EventRounds "11"]
[EventCountry "IND"]
[SourceDate "2003.06.08"]

1. c4 Nf6 2. Nc3 g6 3. g3 Bg7 4. Bg2 O-O 5. d4 d6 6. Nf3 a6 7. O-O Nc6 8. d5
Na5 9. Qd3 c5 10. Rb1 Bd7 11. b3 b5 12. Bg5 Rb8 13. e4 Qc7 14. Rfe1 h6 15. Bf4
Nh5 16. Bd2 Rb7 17. h3 Rfb8 18. Rbc1 bxc4 19. bxc4 Rb4 20. g4 Nf6 21. e5 dxe5
22. Nxe5 Ne8 23. Nxd7 Qxd7 24. Ne4 Qc7 25. Bxb4 Rxb4 26. d6 Nxd6 27. Nxd6 exd6
28. Bd5 Kh7 29. Qf3 f6 30. Re8 Rb8 31. Rce1 Rxe8 32. Rxe8 Qb6 33. Bg8+ Kh8 34.
Bf7+ Kh7 35. Bxg6+ Kxg6 36. Qf5+ Kf7 37. Qh5# 1-0

[Event "PSNA CET 30th National Junior (U-19) Gi"]
[Site "PSNA College of Engineering &"]
[Date "2015.07.31"]
[Round "11.7"]
[White "Divya, Lakshmi R"]
[Black "Sapale, Saloni"]
[Result "0-1"]
[WhiteElo "1807"]
[BlackElo "1981"]
[PlyCount "44"]
[EventDate "2015.07.23"]
[EventRounds "11"]
[EventCountry "IND"]
[SourceDate "2003.06.08"]

1. e4 e6 2. d4 d5 3. Nc3 Bb4 4. e5 c5 5. a3 Bxc3+ 6. bxc3 Nc6 7. Qg4 g6 8. Bd3
Qa5 9. Bd2 Qa4 10. Nf3 c4 11. Be2 Qxc2 12. O-O f6 13. Rfe1 f5 14. Qh4 Qa4 15.
Ng5 h6 16. g4 Nge7 17. Nxe6 Bxe6 18. Qf6 Kd7 19. gxf5 Nxf5 20. Rab1 b6 21. Kh1
Rhg8 22. Bd1 Qa6 0-1

[Event "PSNA CET 30th National Junior (U-19) Gi"]
[Site "PSNA College of Engineering &"]
[Date "2015.07.31"]
[Round "11.8"]
[White "Hilmi, Parveen"]
[Black "Lasya.G"]
[Result "0-1"]
[WhiteElo "1853"]
[BlackElo "1955"]
[PlyCount "76"]
[EventDate "2015.07.23"]
[EventRounds "11"]
[EventCountry "IND"]
[SourceDate "2003.06.08"]

1. e4 c5 2. Nf3 d6 3. Bb5+ Bd7 4. Bxd7+ Nxd7 5. d4 cxd4 6. Nxd4 Ngf6 7. Nc3 g6
8. Be3 Bg7 9. f4 O-O 10. O-O Rc8 11. Kh1 a6 12. a4 Nb6 13. Bg1 e5 14. Nde2 exf4
15. Nxf4 Nc4 16. Bd4 Nxb2 17. Qb1 Nc4 18. Qxb7 Ne3 19. Rfc1 Nfg4 20. Bxg7 Qh4
21. Nh3 Kxg7 22. Nd5 Nxd5 23. Qxd5 Nf6 24. Qxd6 Qxe4 25. Qxa6 Rc3 26. Ng5 Qf5
27. Nf3 Rxf3 28. gxf3 Qxf3+ 29. Kg1 Qe3+ 30. Kh1 Rd8 31. Qf1 Rd2 32. Re1 Qc5
33. Re2 Qd5+ 34. Rg2 Ng4 35. Re1 Nf2+ 36. Kg1 Nh3+ 37. Kh1 Rf2 38. Rd1 Qf3 0-1